Gaming Quiz

Random Gaming or Video Games Quiz

Smite Gods Quiz Stats

 Plays Quiz Updated Aug 16, 2018

Challenge
Share
Tweet
Embed
Score 0/97 Timer 09:00
12 Plays Today
% Correct
Zeus
89%
Ra
88.1%
Thor
82.9%
Loki
81.8%
Artemis
79.2%
Apollo
78.8%
Ymir
78.5%
Aphrodite
77.8%
Agni
77.7%
Odin
76.8%
Ares
76.2%
Athena
75.4%
Hades
73.8%
Poseidon
73.7%
Ah Muzen Cab
73.1%
Fenrir
72.4%
Pele
72.4%
Achilles
72%
Anubis
71.7%
Bellona
71.5%
Neith
70.5%
Baron Samedi
70.5%
Rama
69.5%
Amaterasu
69.3%
Anhur
69%
Artio
68.5%
Hercules
68.1%
Hel
68%
Ah Puch
67.2%
Ao Kuang
66.5%
Zhong Kui
66.3%
Bacchus
65.8%
Hou Yi
65.7%
% Correct
Chang'e
65.2%
Fafnir
65%
Tyr
64.9%
Cupid
64.6%
Freya
64.4%
Discordia
64%
Bastet
63.6%
Bakasura
63.1%
Vamana
62.8%
Geb
62.6%
Cerberus
62.4%
Awilix
61.9%
Ravana
61.8%
Isis
61.8%
Kukulkan
61.8%
Arachne
61.6%
Susano
61.5%
Kali
61.3%
Ullr
61.1%
Thanatos
60.4%
Osiris
60.3%
Xbalanque
60.1%
Mercury
60%
Guan Yu
59.7%
Hachiman
59.2%
Chernobog
59%
Sobek
58.8%
Ganesha
58.8%
The Morrigan
58.8%
Janus
58.7%
He Bo
58.6%
Sol
58.4%
Nox
58.2%
% Correct
Cabrakan
57.9%
Thoth
57.9%
Da Ji
57.2%
Skadi
57%
Izanami
56.7%
Scylla
56.6%
Sylvanus
56.6%
Xing Tian
56.2%
Sun Wukong
56.1%
Chronos
55.9%
Nemesis
55.5%
Khepri
55.4%
Medusa
55.1%
Ne Zha
55%
Chaac
54.4%
Cernunnos
54.3%
Hun Batz
54.3%
Vulcan
54.2%
Ratatoskr
54.1%
Raijin
53.7%
Jing Wei
53.3%
Nu Wa
53%
Cu Chulainn
52.9%
Terra
52.3%
Serqet
51.4%
Erlang Shen
50.6%
Camazotz
50.4%
Chiron
49.7%
Kuzenbo
49.6%
Nike
47.8%
Kumbhakarna
44%

You're not logged in!

Compare scores with friends on all Sporcle quizzes.
Join for Free
OR
Log In

You Might Also Like...

Show Comments

Extras

Top Quizzes Today


Score Distribution

Your Account Isn't Verified!

In order to create a playlist on Sporcle, you need to verify the email address you used during registration. Go to your Sporcle Settings to finish the process.

Report this User

Report this user for behavior that violates our Community Guidelines.

Details: